Účtovná závierka 2003 v sústave podvojného účtovníctva
Základné účtovné právne predpisy. Proces účtovnej uzávierky na príklade s.r.o.
Guardado en:
| Autor principal: | |
|---|---|
| Formato: | Capítulo de libro |
| Lenguaje: | eslovaco |
| Materias: | |
| Etiquetas: |
Sin Etiquetas, Sea el primero en etiquetar este registro!
|
MARC
| LEADER | 00000naa$a2200000$$$4500 | ||
|---|---|---|---|
| 001 | 0004660 | ||
| 005 | 20230919094511.7 | ||
| 041 | 0 | |a slo | |
| 044 | |a SK | ||
| 245 | 1 | 0 | |a Účtovná závierka 2003 v sústave podvojného účtovníctva |c aut. Denisa Čaplová |
| 520 | |a Základné účtovné právne predpisy. Proces účtovnej uzávierky na príklade s.r.o. | ||
| 610 | 2 | 0 | |a závierka účtovná |
| 610 | 2 | 0 | |a účtovníctvo podvojné |
| 610 | 2 | 0 | |a 2003 |
| 100 | 1 | |a Čaplová, Denisa | |